000 00329nam a2200133Ia 4500
008 100328s9999 xx 000 0 und d
082 _b35608
100 _aकाशिकर एस.एम.
245 _aउवस्त
260 _bपूजा.
630 _aउवस्त
730 _aउवस्त
942 _cBOOK
999 _c525480
_d525477